<?xml version="1.0" encoding="UTF-8"?>
<record
    xmlns:xsi="http://www.w3.org/2001/XMLSchema-instance"
    xsi:schemaLocation="http://www.loc.gov/MARC21/slim http://www.loc.gov/standards/marcxml/schema/MARC21slim.xsd"
    xmlns="http://www.loc.gov/MARC21/slim">

  <leader>02171    a2200217   4500</leader>
  <controlfield tag="001">26963</controlfield>
  <controlfield tag="005">20260407155547.0</controlfield>
  <controlfield tag="008">260407a1972    arg                 spa d</controlfield>
  <controlfield tag="003">AR-UNSa-BCEJYS</controlfield>
  <datafield tag="040" ind1=" " ind2=" ">
    <subfield code="a">AR-UNSa-BCEJYS</subfield>
    <subfield code="b">spa</subfield>
    <subfield code="c">AR-UNSa-BCEJYS</subfield>
  </datafield>
  <datafield tag="080" ind1=" " ind2=" ">
    <subfield code="a">347.736</subfield>
    <subfield code="x">Quiebra. Insolvencia. Suspensi&#xF3;n de pagos. Bancarrota, procedimientos. Derecho Concursal</subfield>
  </datafield>
  <datafield tag="245" ind1="1" ind2="0">
    <subfield code="a">Concursos y procedimiento concursal</subfield>
    <subfield code="p">comentario y anal&#xED;sis de la ley 19.551</subfield>
  </datafield>
  <datafield tag="264" ind1=" " ind2="1">
    <subfield code="a">Buenos Aires :</subfield>
    <subfield code="b">Depalma</subfield>
    <subfield code="c">1972</subfield>
  </datafield>
  <datafield tag="300" ind1=" " ind2=" ">
    <subfield code="a">320 p.</subfield>
    <subfield code="c">23 cm.</subfield>
  </datafield>
  <datafield tag="505" ind1=" " ind2=" ">
    <subfield code="a">1. Desarrollo hist&#xF3;rico.Sistemas legislativo - 2. Antecedentes nacionales.Evoluci&#xF3;n legislativa hasta llegar a la actual ley - 3. Principios generales - 4. El concurso preventivo - 5. Efectos de la apertura del concurso - 6. Tr&#xE1;mite hasta la junta - 7. Junta de acreedores - 8. Impugnaci&#xF3;n y homologaci&#xF3;n del acuerdo - 9. Efectos del acuerdo homologado - 10. Nulidad del acuerdo.Incumplimiento - 11. Disposiciones particulares para el acuerdo por cesi&#xF3;n de bienes - 12. Declaraci&#xF3;n de la quiebra - 13. Sentencia - 14. Recursos contra la sentencia de quiebra - 15. Efectos de la quiebra - 16. Efectos generales sobre relaciones jur&#xED;dicas preexistentes - 17. Efectos sobre ciertas relaciones jur&#xED;dicas en particular - 18. Extensi&#xF3;n dela quiebra y responsabilidad de terceros - 19. Incautaci&#xF3;n y conservaci&#xF3;n de bienes - 20. Continuaci&#xF3;n de la empresa - 21. Per&#xED;odo informativo en la quiebra - 22. Realizaci&#xF3;n de bienes - 23. Informe final y distribuci&#xF3;n - 24. Acuerdo resolutorio - 25. Avenimiento - 26. Pago total - 27. Clausura del procedimiento - 28. Calificaci&#xF3;n de conducta del fallido y de terceros - 29. Rehabilitaci&#xF3;n - 30. Concurso en caso de liquidaci&#xF3;n administrativa - 31. Privilegio - 32. El &#xF3;rgano jurisdiccional - 33. Funcionarios y empleados de los concursos - 34. Regulaci&#xF3;n de honorarios - 35. Reglas procesales - 36. De los concursos civiles - 37. Derecho penal concursal - 38. Disposiciones complementarias y transitorias. </subfield>
  </datafield>
  <datafield tag="942" ind1=" " ind2=" ">
    <subfield code="c">BK</subfield>
  </datafield>
  <datafield tag="590" ind1=" " ind2=" ">
    <subfield code="a">niveau_biblio:m niveau_hierar:0</subfield>
  </datafield>
  <datafield tag="100" ind1="1" ind2=" ">
    <subfield code="a">Migliardi, Francisco N.M.O.</subfield>
  </datafield>
  <datafield tag="650" ind1=" " ind2=" ">
    <subfield code="a">Ley N&#xBA; 19.551</subfield>
  </datafield>
  <datafield tag="650" ind1=" " ind2=" ">
    <subfield code="a"> ley n&#xBA; 19 551 </subfield>
  </datafield>
  <datafield tag="999" ind1=" " ind2=" ">
    <subfield code="c">1527</subfield>
    <subfield code="d">1527</subfield>
  </datafield>
  <datafield tag="952" ind1=" " ind2=" ">
    <subfield code="0">0</subfield>
    <subfield code="1">0</subfield>
    <subfield code="4">0</subfield>
    <subfield code="7">0</subfield>
    <subfield code="a">BCEJYS</subfield>
    <subfield code="b">BCEJYS</subfield>
    <subfield code="c">16</subfield>
    <subfield code="d">2026-04-07</subfield>
    <subfield code="l">0</subfield>
    <subfield code="o">347.736 M634</subfield>
    <subfield code="p">L24739</subfield>
    <subfield code="r">2026-04-07 15:55:47</subfield>
    <subfield code="w">2026-04-07</subfield>
    <subfield code="y">L</subfield>
  </datafield>
  <datafield tag="952" ind1=" " ind2=" ">
    <subfield code="0">0</subfield>
    <subfield code="1">0</subfield>
    <subfield code="4">0</subfield>
    <subfield code="7">0</subfield>
    <subfield code="a">BCEJYS</subfield>
    <subfield code="b">BCEJYS</subfield>
    <subfield code="c">16</subfield>
    <subfield code="d">2026-04-07</subfield>
    <subfield code="l">0</subfield>
    <subfield code="o">347.736 M634</subfield>
    <subfield code="p">L24742</subfield>
    <subfield code="r">2026-04-07 15:55:47</subfield>
    <subfield code="w">2026-04-07</subfield>
    <subfield code="y">L</subfield>
  </datafield>
  <datafield tag="952" ind1=" " ind2=" ">
    <subfield code="0">0</subfield>
    <subfield code="1">0</subfield>
    <subfield code="4">0</subfield>
    <subfield code="7">0</subfield>
    <subfield code="a">BCEJYS</subfield>
    <subfield code="b">BCEJYS</subfield>
    <subfield code="c">16</subfield>
    <subfield code="d">2026-04-07</subfield>
    <subfield code="l">0</subfield>
    <subfield code="o">347.736 M634</subfield>
    <subfield code="p">L24740</subfield>
    <subfield code="r">2026-04-07 15:55:47</subfield>
    <subfield code="w">2026-04-07</subfield>
    <subfield code="y">L</subfield>
  </datafield>
  <datafield tag="952" ind1=" " ind2=" ">
    <subfield code="0">0</subfield>
    <subfield code="1">0</subfield>
    <subfield code="4">0</subfield>
    <subfield code="7">0</subfield>
    <subfield code="a">BCEJYS</subfield>
    <subfield code="b">BCEJYS</subfield>
    <subfield code="c">16</subfield>
    <subfield code="d">2026-04-07</subfield>
    <subfield code="l">0</subfield>
    <subfield code="o">347.736 M634</subfield>
    <subfield code="p">L24741</subfield>
    <subfield code="r">2026-04-07 15:55:47</subfield>
    <subfield code="w">2026-04-07</subfield>
    <subfield code="y">L</subfield>
  </datafield>
</record>
